000 00294nam a2200121Ia 4500
005 20251223131554.0
008 251219s9999 xx 000 0 und d
041 _aeng
100 _aKopardekar S
_9216069
245 _aPurushotam
260 _bKopardekar sham
_c2014
300 _a180
_bPaper Back
999 _c369605
_d369605